Familie und soziale Abweichung - Verhaltenskonzepte der Rechtsordnung in der Nachfolge des ALR

Gespeichert in:  
Bibliographische Detailangaben
1. VerfasserIn: Wolff, Jörg (Verfasst von)
Medienart: Druck Aufsatz
Sprache:Deutsch
Veröffentlicht: 1995
In: Das Preußische Allgemeine Landrecht
Jahr: 1995, Seiten: 215 - 236
Verfügbarkeit prüfen: HBZ Gateway
Schlagwörter:

MARC

LEADER 00000caa a2200000 c 4500
001 1421519240
003 DE-627
005 20220530115107.0
007 tu
008 111013s1995 xx ||||| 00| ||ger c
020 |a 3811498959 
035 |a (DE-627)1421519240 
035 |a (DE-576)351519246 
035 |a (DE-599)BSZ351519246 
040 |a DE-627  |b ger  |c DE-627  |e rakwb 
041 |a ger 
100 1 |a Wolff, Jörg  |4 aut 
109 |a Wolff, Jörg 
245 1 0 |a Familie und soziale Abweichung - Verhaltenskonzepte der Rechtsordnung in der Nachfolge des ALR  |c Jörg Wolff 
264 1 |c 1995 
336 |a Text  |b txt  |2 rdacontent 
337 |a ohne Hilfsmittel zu benutzen  |b n  |2 rdamedia 
338 |a Band  |b nc  |2 rdacarrier 
773 0 8 |i In  |t Das Preußische Allgemeine Landrecht  |d Heidelberg : Müller, 1995  |g (1995), Seite 215 - 236  |h XV, 351 S.  |w (DE-627)189168676  |w (DE-576)048597953  |z 3811498959  |7 nnam 
773 1 8 |g year:1995  |g pages:215 - 236 
935 |a mkri 
951 |a AR 
ELC |b 1 
LOK |0 000 xxxxxcx a22 zn 4500 
LOK |0 001 2899247204 
LOK |0 003 DE-627 
LOK |0 004 1421519240 
LOK |0 005 20160223094828 
LOK |0 008 160208||||||||||||||||ger||||||| 
LOK |0 040   |a DE-21-110  |c DE-627  |d DE-21-110 
LOK |0 689   |a s  |a Familie 
LOK |0 689   |a s  |a Strafrechtsgeschichte 
LOK |0 689   |a s  |a Rechtsgeschichte 
LOK |0 689   |a s  |a Kindeswohl 
LOK |0 689   |a s  |a Kriminalität 
LOK |0 852   |z Kein Bestand am IfK; Nachweis für KrimDok 
LOK |0 852   |a DE-21-110 
LOK |0 852 1  |m v  |9 00 
LOK |0 935   |a k110 
LOK |0 938   |k v 
LOK |0 939   |a 08-02-16  |b l01 
ORI |a SA-MARC-krimdoka001.raw